| 000 | 00737nam a2200217 a 4500 | ||
|---|---|---|---|
| 001 | 000031447 | ||
| 003 | DO-SdBNP | ||
| 005 | 20240508073816.0 | ||
| 008 | 110622s1956 dr c 001 | spa d | ||
| 040 |
_aDO-SdBNP _bspa _cBNPHU |
||
| 049 | _aBNPD | ||
| 082 |
_axxx _bR426ó |
||
| 245 | 0 |
_aObras de Trujillo / _cIntroducción, Ramón Lugo Lovatón. |
|
| 260 |
_aCiudad Trujillo, República Dominicana : _bArchivo General de la Nación, _c1956. |
||
| 300 |
_a294 p. : _bil., retrs. ; _c22 cm. |
||
| 490 |
_aArchivo General de la Nación ; _v12 |
||
| 500 | _aIncluye índice de personas, lugares y materias. | ||
| 500 | _aIncluye notas al pie de las páginas. | ||
| 700 | 1 |
_aLugo Lovatón, Ramón, _eintrod. _954077 |
|
| 942 |
_2ddc _cLBS1 |
||
| 999 |
_c30939 _d30939 |
||